00929nam a2200277 a 450000100100000000500170001000800410002702000150006804000250008308200170010810000290012524500930015426000360024730000280028349000210031150000690033265000110040165000240041265000240043665000260046065000200048665000100050670000350051671000790055183000210063000001219520240424131120.0091106s2000 dr a r 000 0 spa d a9993482102 aDO-SdBNPbspacBNPHU a631.4bR741s1 aRojas Palacios, Hernán10aSuelos y agua /cHernán Rojas Palacios ; presentación Altagracia Rivera de Castillo. aSanto Domingo :bCEDAF ,c2000. a126 P. :bil. ;c28 cm.1 aProyecto ÁGORA aIncluye datos biográficos del autor en el verso de la cubierta 4aSuelos 4aRecursos hídricos 0aRecursos naturales  4aFormación de suelos 4aFuentes de agua 4aRiego12aRivera de Castillo, Altagracia2 aCentro Para el Desarrollo Agropecuario y Forestal (República Dominicana) 0aProyecto ÁGORA